| 000 | 00594nam a2200193 4500 | ||
|---|---|---|---|
| 001 | 109509 | ||
| 003 | ES-MaACL | ||
| 005 | 20250806033127.0 | ||
| 007 | t| | ||
| 008 | 061121s1951 sp r ||||1| spa d | ||
| 100 | 1 |
_aMuller, Albert. _984116 |
|
| 245 | 1 | 3 |
_aLa moral y la vida en los negocios / _cAlbert Muller; traducción al castellano por el P. Antonio Arza. |
| 260 |
_aBilbao : _bMensajero, _c1951. |
||
| 300 |
_a253 p. ; _c17 cm. |
||
| 650 | 7 |
_aÉtica empresarial _2embne _912586 |
|
| 700 | 1 |
_aArza, Antonio. _923521 |
|
| 852 |
_aES-MaACL _jD-7922 _bR.31728 |
||
| 999 |
_c109509 _d109509 |
||